000072262 001__ 72262
000072262 005__ 20180822112644.0
000072262 037__ $$aGDOC-2017-27420
000072262 041__ $$aspa
000072262 041__ $$aeng
000072262 100__ $$0(orcid)0000-0002-0679-6340$$1132989$$aJOAQUÍN ANDALUZ, FUNCIA
000072262 24500 $$927420$$aMicroeconomía III
000072262 24200 $$927420$$aMicroeconomics III
000072262 260__ $$aZaragoza$$bUniversidad de Zaragoza$$c2017-2018
000072262 520__ $$a 
Los contenidos de la asignatura se estructuran en tres bloques.  Una parte del contenido del programa se dedica a ampliar los temas ya vistos en las asignaturas de microeconomía intermedia. Concretamente, se estudian los comportamientos del consumidor y de la empresa competitiva con un mayor grado de formalización, haciendo hincapié en aspectos nuevos, tales como la dualidad y sus aplicaciones.
Una vez analizada la conducta individual de los agentes, un segundo bloque del programa se dedica al análisis del equilibrio general competitivo, tanto desde el punto de vista positivo como normativo.
Finalmente, el tercer bloque del programa se centra en el análisis de los denominados fallos de mercado, tales como los bienes públicos, los efectos externos y la presencia de rendimientos crecientes de escala.
000072262 521__ $$9133$$aGraduado en Economía$$bDegree in Economics
000072262 540__ $$aby-nc-sa$$bCreative Commons$$c3.0$$uhttp://creativecommons.org/licenses/by-nc-sa/3.0/
000072262 830__ $$9417
000072262 8564_ $$s16967$$uhttps://zaguan.unizar.es/record/72262/files/guia-27420-es.pdf$$yGuía (idioma español)
000072262 8564_ $$s9916$$uhttps://zaguan.unizar.es/record/72262/files/guia-27420-en.pdf$$yGuide (english)
000072262 970__ $$aGDOC-2017-27420
000072262 980__ $$aGDOC$$bCiencias Sociales y Jurídicas$$bSocial Sciences and Law$$c109